000 00563cam a2200205ua 4500
001 9354
008 150807n ii |||gr||||Z||||||asm
040 _cMAIN
041 _aasm
082 _a891.4514
245 1 3 _aAsamiya sahityar itibritto
_cby Satyendra Nath Sarma
250 _a4th ed.
260 _aPathshala:
_bBani prakash mandir,
_c1965.
300 _a370p.
653 _aEast Indo-European & Celtic literatures
653 _aAssamese literature
653 _aHistory of Assamese literature
700 1 _aSarma, Satyendra Nath,
_eAuthor.
942 _cBK
999 _c8414
_d8414